01732nam a2200277 a 4500001001000000005001700010008004100027041000800068044000800076084002000084100004500104245011500149260004300264300002200307500024000329500053700569500001001106546002401116650005201140650005601192650003401248650004501282700004901327700002801376740005001404BRCA_332120190320204225.0240309s1879----enka---###---#000-0#eng-# aeng aenk a615b.P38c18791 aCervantes Saavedra, Miguel ded1547-161610aThe History of the Ingenious Gentleman Don Quixote of La ManchacTranslated from the Spanish by P. A. Motteux. aEdinburgobWilliam Patersonc1879-1884 a4 v.bil.c26 cm. aContenido : v.1. Primera parte. Advertencia del editor. Vida de Cervantes por Lockhart. Prólogo del autor. 1879. -- v.2. Primera parte. Notas. 1880. -- v.3. Segunda parte. Prólogo del autor. 1882. -- v.4. Segunda parte. Notas. 1884 aReproducción de la traducción de Motteux con las copiosas notas y un ensayo sobre la vida y obra de Cervantes por J. G. Lockhart. Las notas y el ensayo son interesantes. Bellisima edidión, primorosamente impresa en excelente papel. Va adornada con aguafuertes del celebre artista francés A. Lalauze los cuales son notables desde el punto de vista técnico, pero dejan mucho que desear en cuanto a la indumentaria, más francesa que española. Tela; lomos y planos decorados con asuntos quijotiles dorados Lúdovik Osterc aQM479 aTexto en : inglés14aNovela españolayÉpoca clásica, 1500-170014aLiteratura españolayÉpoca clásica, 1500-170014aNovela españolaySiglo XVII14aDon Quijote (Personaje ficticio)eNovela1 aMotteux, Peter Anthonyd1663-1718eTraductor1 aLalauze, A.eIlustrador0 aEl Ingenioso Hidalgo Don Quijote de la Mancha